000 00439nam a22001697a 4500
003 NUST - PNEC
005 20170116180931.0
008 150905b xxu||||| |||| 00| 0 eng d
020 _a812032417X
040 _cLIBRARY
082 _a621.31 RAY
100 _98278
_aRay, Subir
245 _aAn introduction to high voltage engineering
_cSubir Ray
260 _cc.2004
650 _98281
_aHigh Voltage Engineering
_xEE
942 _2ddc
_cBK
999 _c65921
_d65921